000 00811nam a2200265Ia 4500
005 20220317001002.0
008 160825s2008 mx a g 000 0 spa
020 _a97896818493012
082 0 4 _a604.2
_bT15d
100 1 _aTamez Esparza, Elías
245 1 0 _aDibujo técnico
_cElías Tamez Esparza
250 _a1a. edición
300 _a285 páginas
_bilustraciones
_c24 cm
504 _aIncluye bibliografía
650 1 4 _2LEMB
_aDibujo técnico
650 1 4 _2LEMB
_aDibujo geométrico
650 1 4 _2LEMB
_aIngeniería
650 1 4 _2LEMB
_aProyección
942 _2ddc
_cBK
264 _aMéxico
_bLimusa - Noriega Editores
_c2008
336 _atexto
_btxt
_2rdacontent
337 _asin mediación
_bn
_2rdamedia
338 _avolumen
_bnc
_2rdacarrier
040 _aCO-BoRNBP
_bspa
_erda
_cCO-BoRNBP
999 _c5587
_d5587